000 00273nam a22001217a 4500
008 170418b xxu||||| |||| 00| 0 eng d
041 _aeng
080 _24TH
_a612.39
100 _a10
101 _aSHM
245 _aNUTRITION SUPPORT PROTOCOLS
_cLEWIS, V
942 _2udc
_cBK
999 _c10886
_d10886